| 000 | 03626cam a2200493 a 4500 | ||
|---|---|---|---|
| 001 | 52641 | ||
| 005 | 20230410103903.0 | ||
| 008 | 061115s2007 nyuabf b 001 0 eng | ||
| 010 | _a 2006047043 | ||
| 035 | _a(OCoLC)ocm76829050 | ||
| 040 |
_aDLC _cDLC _dBAKER _dBTCTA _dGK8 _dC#P _dYDXCP _dYBM _dBUR _dIXA _dVP@ |
||
| 020 | _a9780805070576 (alk. paper) | ||
| 020 | _a0805070575 (alk. paper) | ||
| 029 | 1 |
_aYDXCP _b2512117 |
|
| 035 | _a(OCoLC)76829050 | ||
| 041 | 1 |
_aeng _hheb |
|
| 043 |
_aa-is--- _aaw----- |
||
| 050 | 1 | 4 |
_a416 DS 127 _bS454n 2007 |
| 082 | 0 | 0 | _a956.04/6 |
| 049 | _aGRAL | ||
| 100 | 1 |
_aSegev, Tom, _d1945- |
|
| 245 | 1 | 0 |
_a1967 : _bIsrael, the war, and the year that transformed the Middle East / _cTom Segev ; translated by Jessica Cohen. |
| 246 | 3 | _aNineteen hundred sixty seven | |
| 246 | 3 | _aNineteen sixty seven | |
| 250 | _a1st U.S. ed. | ||
| 260 |
_aNew York : _bMetropolitan Books, _c2007. |
||
| 300 |
_ax, 673 p., [16] p. of plates : _bill., map ; _c25 cm. |
||
| 504 | _aIncludes bibliographical references (p. [587]-642) and index. | ||
| 520 | _aFrom Israel's leading historian, a sweeping history of 1967--the war, what led up to it, what came after, and how it changed everything. Journalist Segev recounts the watershed year when six days of war reshaped the country and the entire region. Going far beyond a military account, Segev re-creates the crisis in Israel before 1967, showing how economic recession, a full grasp of the Holocaust's horrors, and the dire threats made by neighbor states combined to produce a climate of apocalypse. He depicts the country's bravado after its victory, an era of new possibilities and tragic missteps. He introduces Moshe Dayan, Golda Meir, Gamal Abdul Nasser, and Lyndon Johnson, and an epic cast of soldiers, lobbyists, refugees, and settlers. He reveals Israel's intimacy with the White House and the political rivalries that sabotaged any chance of peace. Above all, describing a series of disastrous miscalculations, he challenges the view that the war was inevitable.--From publisher description. | ||
| 505 | 0 | _aI: Between Rishon Lezion and Manhattan -- Sussita days -- Other people -- II: Between Israel and Palestine -- Maps and dreams -- The Syrian syndrome -- III: The forty days of private Yehoshua Bar-Dayan -- Three weeks to war: what does Nasser want? -- Eleven days to war: Noa's father is waiting -- Ten days to war: what does America want? -- Nine days to war: a terrible situation -- One week to war: the generals' revolt -- Five days to war: the ouster -- Three days to war: the devision -- Day one -- Day two -- Day three -- The final days -- IV: They thought they had won -- A new land -- Victory albums -- The enlightened occupation -- Teddy's project -- Face-to-face with Ishmael -- The blunder -- Hawks and doves -- Starting over -- Absalom days. | |
| 650 | 0 | _aIsrael-Arab War, 1967. | |
| 651 | 0 |
_aIsrael _xPolitics and government _y20th century. |
|
| 650 | 4 | _aGuerra árabe-israelí, 1967. | |
| 651 | 4 |
_aIsrael _xPolítica y gobierno _ySiglo XX. |
|
| 856 | 4 | 2 |
_3Contributor biographical information _uhttp://www.loc.gov/catdir/enhancements/fy0704/2006047043-b.html |
| 856 | 4 | 2 |
_3Publisher description _uhttp://www.loc.gov/catdir/enhancements/fy0704/2006047043-d.html |
| 856 | 4 | 1 |
_3Sample text _uhttp://www.loc.gov/catdir/enhancements/fy0730/2006047043-s.html |
| 938 |
_aBaker and Taylor _bBTCP _n2006047043 |
||
| 938 |
_aYBP Library Services _bYANK _n2512117 |
||
| 938 |
_aBaker & Taylor _bBKTY _c35.00 _d26.25 _i0805070575 _n0007082101 _sactive |
||
| 942 |
_2lcc _cbk |
||
| 946 | _almminaya | ||
| 994 |
_aC0 _bDRFGD |
||
| 999 |
_c27771 _d27771 |
||